000 00515nam a2200157 4500
008 180118b xxu||||| |||| 00| 0 eng d
082 _21952
_aDC 248.8
_bW58
100 _925683
_aWhite, Ellen G.
245 _aShort stories for positive/
_cEllen G. White.
260 _aWashington: D.C.
_bReview and Herald Publishing Association,
_c©1952.
300 _a384 pages:
_bcolor illustrated;
_c20 cm.
650 0 _925685
_aChristianity
650 0 _925686
_aDoctrines
700 _925684
_aWhite, Ellen G.
942 _2ddc
_cDC
999 _c8306
_d8306